000 00336nam a22001457a 4500
999 _c13457
_d13457
020 _a978-0-730-38913-2
082 _a658.4092
_bMIC
100 _aMichael Vullings
245 _aChanging the Game
250 _a1st ed.
260 _aAustralis
_bJohn wiley & sons
_c2021
300 _axxiv,186 pages
650 _aBusiness
942 _cBK